000 00788nam a22003010a 4500
001 PT52465
003 AR-LpoUNG
005 20210131231519.0
008 191001s2007||||ag |||||||||||||||||spa d
020 _a9789501121797
_c$44,66
040 _aAR-LpoUNG
_bspa
_cAR-LpoUNG
_eaacr
041 _aspa
044 _aag
082 0 _a808.068 3 473han
100 1 _aVera, Paula
_etr.
245 1 0 _aHansel y Gretel
250 _a1§ ed.
260 _aBuenos Aires :
_bSigmar,
_c2007.
300 _a[10] p. :
_bil.
505 0 _aSugerido a partir de 6 años (etiqueta AMARILLA)
650 4 _aCUENTOS
650 4 _aLITERATURA
651 4 _aDOCUMENTOS TEORICOS O METODOLOGICOS
653 _aLITERATURA INFANTIL
700 1 _aHaines, Genny
_eil.
905 _a52465
942 _cLIB
999 _c10458
_d10458